01607nam a2200385 i 450000100060000000300080000600500170001400600190003100700150005000800410006502000280010603500220013404000310015605000230018708000150021008200210022524501390024626400410038530000580042633600310048433700330051533800430054850400430059158800830063459001620071765000360087965000510091565000480096665000420101465500270105670000400108379700180112385600630114199900170120428935FINmELB20241216220111.0m o u cr cn|||||||||230127s2022 ck a ob 000 0 spa d a9789585188167q(e-book) a(OCoLC)1370945928 aFINmELBbspaerdacFINmELB14aHN303.5bM278 2022 a323.2(862)04a303.4840986122300aManifestante :bla indignación estudiantil universitaria en Colombia durante el año 2011 /cÁlvaro Acevedo Tarazona [y otros 4]. 1aBucaramanga :bEdiciones UIS,c2022. a1 recurso en línea (226 páginas) :bilustraciones atextobtxt2rdacontent/spa acomputadorabc2rdamedia/spa arecurso en líneabcr2rdacarrier/spa aContiene referencias bibliográficas. aDescripción basada en metadatos suministrados por el editor y otras fuentes. aRecurso electrónico. Santa Fe, Arg.: elibro, 2023. Disponible vía World Wide Web. El acceso puede estar limitado para las bibliotecas afiliadas a elibro. 0aMovimientos socialeszColombia. 0aMovimientos estudiantilesxHistoriazColombia. 0aUniversidadesxAspectos socialeszColombia. 0aAsociaciones estudiantileszColombia. 4aLibros electrónicos.1 aAcevedo Tarazona, Álvaro,eautor.2 aelibro, Corp.40uhttps://elibro.net/ereader/politecnicointernacional/213673 c28935d28935